Nadnárodná harmonizácia účtovníctva

Podrobná bibliografia
Hlavný autor: Kolmanová, Mária (Autor)
Médium: Článok
Jazyk:slovenčina
ISBN:802251327X

MARC

LEADER 00000naa a2200000uu 4500
001 vtls010939009
003 SK-MaSNL
005 20260302120644.0
008 210902|2000 xo |||||||||||||||||slo|
015 |a SNBRA 
035 |a (urnnbn)urn:nbn:sk:snk:ar-a0ba60 
035 |a (uuid)d5162b88-8612-4a56-8238-18ee96038554 
035 |a urn:nbn:sk:snk-aau2h1 
040 |a SNKBUCL  |b slo  |c SNKBUCL  |e AACR2 
041 0 |a slo 
044 |a xo  |c SK 
100 1 |a Kolmanová, Mária  |4 aut  |9 27549 
245 1 0 |a Nadnárodná harmonizácia účtovníctva  |c Mária Kolmanová 
773 0 |t Participácia doktorandov na vedeckovýskumnej činnosti na prelome tisícročí  |d Bratislava : Ekonóm], 2000, 2000  |g S. 74-77  |z 802251327X 
958 |a OND 
958 |a article11 
958 |a chapter 
999 |c 1270549  |d 1272479